000
00291nam a2200109Ia 4500
008
200302s9999 xx 000 0 und d
100
_a
Gil L. Taylor
245
_a
Construction Codes & Inspection Handbook
260
_b
Mcgraw- hill International Book co.,
260
_c
2006
300
_a
638 P.,
999
_c
5037
_d
5037